000 00724nam a2200241Ia 4500
003 OSt
005 20220927105207.0
006 a|||||r|||| 00| 0
007 ta
008 220926b |||||||| |||| 00| 0 eng d
024 _a159339
037 _cReference Collections
040 _aRTL
_cRTL
_beng
041 _2eng
_aeng
082 _a"X71m255,N52.N4, K4.1"
110 _aMADHYA PRADESH (Government-)
_9370774
245 0 _aBudget estimate for 1964-65. Govt. of Madhya Pradesh
260 _aGwalior
_bGovt regional press
_c1964
300 _a889p
_ccm.
700 _aMADHYA PRADESH (Government-)
_9370775
942 _h"X71m255,N52.N4, K4.1"
_cCC
999 _c691078
_d691078